Detalles MARC
| 000 -LIDER |
| fixed length control field |
00859nam a2200265 4500 |
| 001 - NÚMERO DE CONTROL |
| Identificador de número de control |
0005231 |
| 003 - IDENTIFICACDOR DE NÚMERO DE CONTROL |
| control field |
DO-SdBPM |
| 005 - DATE AND TIME OF LATEST TRANSACTION |
| control field |
20250610122323.0 |
| 007 - CAMPOS FIJOS DE DESCRIPCIÓN FÍSICA |
| fixed length control field |
0005231 |
| 008 - ELEMENTOS DE LONGITUD FIJA |
| fixed length control field |
160401b2001 sp ||||| |||| 00| 0 spa d |
| 020 ## - ISBN |
| International Standard Book Number |
9706515054 |
| 040 ## - FUENTE DE CATALOGACIÓN |
| Agencia que crea de manera original el registro |
DO-SdBPM |
| Idioma de catalogación |
spa |
| Agencia que realiza la transcripción |
BPMSU |
| 082 #4 - NÚMERO DE CLASIFICACIÓN DECIMAL DE DEWEY |
| Classification number |
RD863.44 |
| Item number |
A473c 2001 |
| Edition number |
22 |
| 100 1# - ASIENTO PRINCIPAL -- NOMBRE PERSONAL |
| Nombre personal |
Álvarez, Julia |
| 240 ## - TITULO UNIFORME |
| Título uniforme |
How Tía Lola came to Visit stay |
| 245 10 - MENCIÓN DE TITULO |
| Título |
Cuando la tía Lola vino de visita a quedarse / |
| Mención de responsabilidad |
Julia Álvarez ; traducción de Carolina Saín Paz |
| 260 ## - PUBLICACIÓN, DISTRIBUCIÓN, ETC. (PIE DE IMPRENTA) |
| Lugar de publicación, distribución, etc |
México : |
| Nombre del editor, distribuidor, etc. |
Editorial Océano |
| Fecha de publicación, distribución, etc |
2001 |
| 300 ## - DESCRIPCIÓN FÍSICA |
| Extensión |
122 p. : |
| Dimensiones |
25 cm. |
| 650 #4 - ENCABEZAMIENTO DE MATERIA--TEMÁTICO |
| Término temático o nombre geográfico como elemento de entrada |
Cuentos infantiles dominicanos |
| 650 #4 - ENCABEZAMIENTO DE MATERIA--TEMÁTICO |
| Término temático o nombre geográfico como elemento de entrada |
Literatura juvenil dominicana |
| 650 #4 - ENCABEZAMIENTO DE MATERIA--TEMÁTICO |
| Término temático o nombre geográfico como elemento de entrada |
Cuentos juveniles dominicanos |
| 700 1# - ASIENTO SECUNDARIO -- NOMBRE PERSONAL |
| Nombre personal |
Saín Paz, Carolina |
| Mención de responsabilidad |
traductor |
| Término de relación |
|
| 910 ## - VALIDACIÓN |
| Validación |
VMateo V. Control de calidad. BPMSU |
| 942 ## - ADDED ENTRY ELEMENTS (KOHA) |
| Source of classification or shelving scheme |
Dewey Decimal Classification |
| Koha item type |
Libros |